| 000 | 00315nam a2200145 i 4500 | ||
|---|---|---|---|
| 001 | bg | ||
| 100 | 1 | _aLI, C. | |
| 245 | 0 |
_aSlabye vzaimodejstvija / _cC. Li, C. Vu. |
|
| 260 |
_aMoskva, _c1968. |
||
| 700 | 1 | _aVU, C. | |
| 040 | _cBPK | ||
| 041 | _apol | ||
| 942 | _cKS | ||
| 008 | s pl f |000 0 pol | ||
| 999 |
_c12311 _d12311 |
||
| 856 |
_uhttp://koha.tu.koszalin.pl/cgi-bin/koha/opac-detail.pl?biblionumber=12311 _yKatalog online BPK |
||